2009 yılı bütçe sunuş konuşması (Record no. 9454)

MARC details
000 -BAŞLIK
Sabit Uzunlukta Kontrol Alanı 00678na a2200217 4500
001 - KONTROL NUMARASI
Denetim Alanı 17533
003 - KONTROL NUMARASI IDENTIFIER
Denetim Alanı MIRAKIL
005 - SON İŞLEM TARİHİ VE ZAMANI
Denetim Alanı 20181213155247.0
008 - SABİT-BOY VERİ ELEMANLARI - GENEL BİLGİLER
Sabit Uzunlukta Kontrol Alanı 161025b tu 000 0
035 ## - SİSTEM KONTROL NUMARASI
Sistem Kontrol Numarası 17533
040 ## - KATALOGLAMA KAYNAK
Orijinal Kataloglama Ajansı Milas
Kataloglama Dili tur
Metne Dönüştürmek Ajansı TR-AnCHP
041 ## - DİL KODU
Metin / Ses Parça Veya Ayrı Başlığın Dil Kodu tur
082 ## - DEWEY ONLU SINIFLANDIRMA NUMARASI
Sınıflandırma Numarası 351.72256
Ürün Numarası Ö92i 2008
090 ## - SINIFLAMA NUMARASI
Sınıflama Numarası 351.72256 Ö92i 2008
100 ## - ANA GİRİŞ - KİŞİSEL İSİM
Kişisel Ad Özak, Faruk Nafiz
245 ## - BAŞLIK TABLOSU
Başlık 2009 yılı bütçe sunuş konuşması
Başlığın Kalan (TBMM Plan ve Bütçe Komisyonu)
Sorumluluk Tablosu, Vb Faruk Nafiz Özak
260 ## - YAYIN, DAĞITIM, VB
Yayın, Dağıtım, Vb Yeri [Ankara]
Yayıncı, Dağıtıcı, Vs Adı Bayındırlık ve İskan Bakanlığı
Yayın, Dağıtım, Vb Tarihi 2008
300 ## - FİZİKSEL TANIM
Kapsam 46 s
Boyutlar 24 sm.
650 ## - KONU KATMA GİRİŞ - TOPİKAL DÖNEM
Topikal Süreli Veya Coğrafi Ad Giriş Elemanı Bayındırlık ve İskan Bakanlığı
Genel Alt Bölümü Bütçe görüşmeleri
Kronolojik Alt Bölümü 2009
942 ## - EKLENDİ GİRİŞ ELEMANLARI (KOHA)
Sınıflandırma Veya Raf Düzeni Kaynak Dewey Decimal Classification
Koha Öğesi Türü Books
999 ## - SİSTEM KONTROL NUMARALARI (KOHA)
Koha Biblionumber 9454
Koha Biblioitemnumber 9454
Holdings
Kalıcı Konum Mevcut Konum Edinme Tarihi Edinim Kaynak Toplam Check-Out'Lar Tam Çağrı Numarası Barkod Tarih Son Görülme İtibaren Geçerli Fiyatlar Koha Öğesi Türü
CHP Kütüphanesi CHP Kütüphanesi 10/25/2016 Bağış   351.72256 Ö92i 2008 007721 10/25/2016 10/25/2016 Books